Murder at midnight / (Record no. 4566)

MARC details
000 -LEADER
fixed length control field 00958nam a22002897a 4500
001 - CONTROL NUMBER
control field 4566
003 - CONTROL NUMBER IDENTIFIER
control field FISKH
005 - DATE AND TIME OF LATEST TRANSACTION
control field 20240917091106.0
008 - FIXED-LENGTH DATA ELEMENTS--GENERAL INFORMATION
fixed length control field 240917b cb ||||| |||| 00| 0 eng d
020 ## - INTERNATIONAL STANDARD BOOK NUMBER
International Standard Book Number 9780545284226
040 ## - CATALOGING SOURCE
Original cataloging agency FISKH
Language of cataloging eng
Transcribing agency FISKH
Modifying agency FISKH
050 ## - LIBRARY OF CONGRESS CALL NUMBER
Classification number PZ7.A953
082 ## - DEWEY DECIMAL CLASSIFICATION NUMBER
Edition number 662
100 ## - MAIN ENTRY--PERSONAL NAME
Personal name Avi
Dates associated with a name 1937-
245 ## - TITLE STATEMENT
Title Murder at midnight /
Statement of responsibility, etc. Avi
250 ## - EDITION STATEMENT
Edition statement First paperback printing in 2010
260 ## - PUBLICATION, DISTRIBUTION, ETC.
Place of publication, distribution, etc. New York :
Name of publisher, distributor, etc. Scholastic,
Date of publication, distribution, etc. 2010.
300 ## - PHYSICAL DESCRIPTION
Extent 254 pages :
Dimensions 20cm
505 ## - FORMATTED CONTENTS NOTE
Formatted contents note N<br/>
520 ## - SUMMARY, ETC.
Summary, etc. Falsely accused of plotting to overthrow King Claudio, scholarly Mangus the magician, along with his street-smart servant boy, Fabrizio, face deadly consequences unless they can track down the real traitor by the stroke of midnight.
521 8# - TARGET AUDIENCE NOTE
Target audience note 590L<br/>
Source Lexile<br/>
521 8# - TARGET AUDIENCE NOTE
Target audience note N<br/>
Source Raz-Plus<br/>
650 ## - SUBJECT ADDED ENTRY--TOPICAL TERM
Source of heading or term Mystery
Topical term or geographic name entry element Magicians
Form subdivision Middle grade
650 ## - SUBJECT ADDED ENTRY--TOPICAL TERM
Source of heading or term Murder
Topical term or geographic name entry element Juvenile fiction
942 ## - ADDED ENTRY ELEMENTS (KOHA)
Source of classification or shelving scheme Dewey Decimal Classification
Koha item type Books
Suppress in OPAC No
Holdings
Withdrawn status Lost status Source of classification or shelving scheme Damaged status Not for loan Collection Home library Current library Shelving location Date acquired Total Checkouts Full call number Barcode Date last seen Date last checked out Copy number Price effective from Koha item type
    Dewey Decimal Classification     Juvenile Fiction Footprints International School Library Network Toul Kork Campus Footprints International School Library Network Toul Kork Campus TTP Primary Yellow Bookshelves 09/17/2024 1 AVI 662 PZ7.A953 2024-1975 06/05/2025 04/25/2025 1 09/17/2024 Books